000 00790nam a22002177a 4500
003 DO-SdBNP
005 20210513104903.0
007 ta
008 210513e2017 dr |||er|||| 00| edspa d
020 _a9789945088755
040 _aDO-SdBNP
_bspa
_cBNPHU
082 _aA162p
100 1 _aAbreu Lantigua, Luz María
_d1954
_978583
245 1 3 _aPaseo literario por la presencia salesiana en Jarabacoa /
_cLuz María Abreu Lantigua ; Luz Amelia Rodríguez Abreu , diagramación
260 _aSanto Domingo :
_bEditoria Mayobanex,
_c2017
300 _a120 p.;
_c21 cm
500 _aSeptuagésimo aniversario de salesianos en Jarabacoa.
500 _aContiene biografía de la autora en la tapa delantera
700 1 0 _aRodríguez Abreu , Luz Amelia
_ediagramación
_978584
942 _2ddc
_cLBS1
999 _c49809
_d49809